Normal view
MARC view
- Civilization, Modern
Entry Topical Term
001 - CONTROL NUMBER
- control field: 90819
003 - CONTROL NUMBER IDENTIFIER
- control field: NUST
005 - DATE AND TIME OF LATEST TRANSACTION
- control field: 20220405110105.0
008 - FIXED-LENGTH DATA ELEMENTS
- fixed length control field: 220405|| aca||aabn | a|a d
040 ## - CATALOGING SOURCE
- Original cataloging agency: NUST
- Transcribing agency: NUST
150 ## - HEADING--TOPICAL TERM
- Topical term or geographic name entry element: Civilization, Modern
670 ## - SOURCE DATA FOUND
- Source citation: Work cat.: (NUST)0: The Britannica guide to theories and ideas that changed the modern world /, 2010.
